Lincoln : (Record no. 526)

000 -LEADER
fixed length control field 03652nam a22004817a 4500
001 - CONTROL NUMBER
control field 13962748
003 - CONTROL NUMBER IDENTIFIER
control field OSt
005 - DATE AND TIME OF LATEST TRANSACTION
control field 20210420073222.0
008 - FIXED-LENGTH DATA ELEMENTS--GENERAL INFORMATION
fixed length control field 050512r20062003nyuab b 001 0beng
010 ## - LIBRARY OF CONGRESS CONTROL NUMBER
LC control number 2005047230
020 ## - INTERNATIONAL STANDARD BOOK NUMBER
International Standard Book Number 1400044561
040 ## - CATALOGING SOURCE
Original cataloging agency eng
Transcribing agency DLC
Modifying agency eng
041 ## - LANGUAGE CODE
Language code of text/sound track or separate title eng
043 ## - GEOGRAPHIC AREA CODE
Geographic area code n-us---
050 00 - LIBRARY OF CONGRESS CALL NUMBER
Classification number E457
Item number .C43 2006
080 ## - UNIVERSAL DECIMAL CLASSIFICATION NUMBER
Universal Decimal Classification number 92
Item number C-21
082 00 - DEWEY DECIMAL CLASSIFICATION NUMBER
Classification number 973.7/092
-- B
Edition number 22
100 1# - MAIN ENTRY--PERSONAL NAME
Personal name Carwardine, Richard.
245 10 - TITLE STATEMENT
Title Lincoln :
Remainder of title a life of purpose and power /
Statement of responsibility, etc. Richard Carwardine.
250 ## - EDITION STATEMENT
Edition statement 1st American ed.
260 ## - PUBLICATION, DISTRIBUTION, ETC.
Place of publication, distribution, etc. New York :
Name of publisher, distributor, etc. Alfred A. Knopf,
Date of publication, distribution, etc. 2006.
300 ## - PHYSICAL DESCRIPTION
Extent xv, 394 p. :
Other physical details ill., maps ;
Dimensions 25 cm.
365 ## - TRADE PRICE
Price amount 27.50 usd
500 ## - GENERAL NOTE
General note Originally published: London : Pearson Education, 2003.
504 ## - BIBLIOGRAPHY, ETC. NOTE
Bibliography, etc. note Includes bibliographical references (p. [327]-360) and index.
505 0# - FORMATTED CONTENTS NOTE
Formatted contents note 1. Inner power : Lincoln's ambition and political vision, 1809-54 -- Ambition -- Political vision -- Moral crisis : 1854 -- The religious roots of moral power -- 2. The power of opinion : Lincoln : the Illinois public and the new political order, 1854-58 -- Lincoln, democratic politics and public opinion -- Illinois public opinion and the anti-Nebraska fusion movement -- The senatorial campaign of 1858 -- 3. The power of party : winning the presidency, 1858-60 -- Presidential ambition : Lincoln, his party and the road to the Decatur convention -- The Republican presidential nomination -- The 1860 presidential campaign : the power of a righteous party -- 4. Confronting the limits of power : from president-elect to war president, 1860-61 -- In the antechamber to power : holding the party line -- From Springfield to Sumter : building a united front -- Strategies for 'a people's war' -- 'What shall I do? The people are impatient...' -- 5. The purposes of power : evolving objectives, 1861-65 -- Reading the public -- 'Every indispensable means' : toward the Emancipation Proclamation -- Faith and purposes -- Faithfulness of purpose : emancipation, reconstruction and black citizenship -- 6. The instruments of power : coercion and voluntary mobilization, 1861-65 -- Coercion, repression and executive power -- Popular mobilization : the 'power of the right word' and the agency of party -- Popular mobilization : churches and philanthropic organizations -- The Union army as a moral force -- The election of 1864 : 'the second birth of our nation' -- 7. Conclusion : power in death -- Chronology of Lincoln's life.
600 10 - SUBJECT ADDED ENTRY--PERSONAL NAME
Personal name Lincoln, Abraham,
Dates associated with a name 1809-1865.
650 #0 - SUBJECT ADDED ENTRY--TOPICAL TERM
Topical term or geographic name entry element Presidents
Geographic subdivision United States
Form subdivision Biography.
650 #0 - SUBJECT ADDED ENTRY--TOPICAL TERM
Topical term or geographic name entry element Biography
9 (RLIN) 237
651 #0 - SUBJECT ADDED ENTRY--GEOGRAPHIC NAME
Geographic name United States
General subdivision History
Chronological subdivision Civil War, 1861-1865.
651 #0 - SUBJECT ADDED ENTRY--GEOGRAPHIC NAME
Geographic name United States
General subdivision Politics and government
Chronological subdivision 1861-1865.
651 #0 - SUBJECT ADDED ENTRY--GEOGRAPHIC NAME
Geographic name United States
General subdivision Politics and government
Chronological subdivision 1815-1861.
653 ## - INDEX TERM--UNCONTROLLED
Uncontrolled term ბიოგრაფია
653 ## - INDEX TERM--UNCONTROLLED
Uncontrolled term ისტორია
653 ## - INDEX TERM--UNCONTROLLED
Uncontrolled term ამერიკის შეერთებული შტატების პრეზიდენტები
856 42 - ELECTRONIC LOCATION AND ACCESS
Materials specified Contributor biographical information
Uniform Resource Identifier <a href="http://www.loc.gov/catdir/enhancements/fy0624/2005047230-b.html">http://www.loc.gov/catdir/enhancements/fy0624/2005047230-b.html</a>
856 42 - ELECTRONIC LOCATION AND ACCESS
Materials specified Publisher description
Uniform Resource Identifier <a href="http://www.loc.gov/catdir/enhancements/fy0624/2005047230-d.html">http://www.loc.gov/catdir/enhancements/fy0624/2005047230-d.html</a>
856 41 - ELECTRONIC LOCATION AND ACCESS
Materials specified Sample text
Uniform Resource Identifier <a href="http://www.loc.gov/catdir/enhancements/fy0624/2005047230-s.html">http://www.loc.gov/catdir/enhancements/fy0624/2005047230-s.html</a>
856 41 - ELECTRONIC LOCATION AND ACCESS
Materials specified Table of contents only
Uniform Resource Identifier <a href="http://www.loc.gov/catdir/enhancements/fy0624/2005047230-t.html">http://www.loc.gov/catdir/enhancements/fy0624/2005047230-t.html</a>
906 ## - LOCAL DATA ELEMENT F, LDF (RLIN)
a 7
b cbc
c orignew
d 1
e ocip
f 20
g y-gencatlg
942 ## - ADDED ENTRY ELEMENTS (KOHA)
Source of classification or shelving scheme
Koha item type Books
Edition 1
Holdings
Withdrawn status Lost status Source of classification or shelving scheme Damaged status Not for loan Permanent location Current location Date acquired Inventory number Total Checkouts Full call number Barcode Date last seen Price effective from Koha item type
          Ken Walker International University Ken Walker International University 12/02/2020 447   92 C-21 447 12/02/2020 12/02/2020 Books

Powered by Koha